[Event "Cutro op-B 14th"]
[Site "Cutro"]
[Date "2008.05.01"]
[Round "7"]
[White "Policastrese, Salvatore"]
[Black "Mercurio, Rosario"]
[Result "0-1"]
[WhiteElo "1446"]
[BlackElo "1360"]
[PlyCount "54"]
[EventDate "2008.04.25"]
[EventType "swiss"]
[EventRounds "7"]
[EventCountry "ITA"]
[SourceTitle "EXT 2009"]
[Source "ChessBase"]
[SourceDate "2008.11.26"]
[SourceVersion "1"]
[SourceVersionDate "2008.11.26"]
[SourceQuality "1"]

1. d4 Nf6 2. c4 c5 3. d5 e6 4. dxe6 fxe6 5. Nc3 Na6 6. Nf3 d5 7. cxd5 exd5 8. Bg5 Be7 9. e3 Nc7 10. Qd2 b5 11. Bxf6 Bxf6 12. Nxb5 Bb7 13. Nxc7+ Qxc7 14. Rc1 0-0-0 15. Bd3 g5 16. b4 c4 17. Bf5+ Kb8 18. 0-0 h5 19. Nd4 Bxd4 20. Qxd4 g4 21. g3 Bc8 22. Bxc8 Qxc8 23. a4 h4 24. b5 h3 25. a5 Qf5 26. a6 Qf3 27. Qe5+ Ka8 0-1

[Event "Cutro op-B 14th"]
[Site "Cutro"]
[Date "2008.04.28"]
[Round "4"]
[White "D'Elia, Mario Domenico"]
[Black "Mercurio, Rosario"]
[Result "1-0"]
[WhiteElo "1446"]
[BlackElo "1360"]
[PlyCount "69"]
[EventDate "2008.04.25"]
[EventType "swiss"]
[EventRounds "7"]
[EventCountry "ITA"]
[SourceTitle "EXT 2009"]
[Source "ChessBase"]
[SourceDate "2008.11.26"]
[SourceVersion "1"]
[SourceVersionDate "2008.11.26"]
[SourceQuality "1"]

1. f4 e5 2. fxe5 d6 3. exd6 Bxd6 4. Nf3 g5 5. d4 g4 6. Ne5 Ne7 7. Bg5 Rg8 8. Bh4 c5 9. e3 cxd4 10. exd4 Bxe5 11. dxe5 Qa5+ 12. Nc3 Qxe5+ 13. Qe2 Qxe2+ 14. Bxe2 Nf5 15. Bf6 Ne3 16. Kf2 Nd7 17. Kxe3 Nxf6 18. Rhf1 Ke7 19. Rad1 Re8 20. Rd4 Kf8+ 21. Kd2 Kg7 22. Nb5 Rb8 23. Bd3 Nd7 24. Rxg4+ Kh8 25. Rxf7 Nf6 26. Rg3 Bd7 27. Rxf6 Rbd8 28. Nd6 Be6 29. Rxe6 Rf8 30. Rf3 Rxf3 31. gxf3 Rf8 32. Re8 Rxe8 33. Nxe8 Kg8 34. f4 Kf7 35. Nd6+ 1-0

[Event "Cutro op-B 14th"]
[Site "Cutro"]
[Date "2008.04.25"]
[Round "1"]
[White "Mercurio, Rosario"]
[Black "Manfredi, Candido"]
[Result "0-1"]
[WhiteElo "1360"]
[BlackElo "1644"]
[PlyCount "110"]
[EventDate "2008.04.25"]
[EventType "swiss"]
[EventRounds "7"]
[EventCountry "ITA"]
[SourceTitle "EXT 2009"]
[Source "ChessBase"]
[SourceDate "2008.11.26"]
[SourceVersion "1"]
[SourceVersionDate "2008.11.26"]
[SourceQuality "1"]

1. c4 e6 2. e4 c6 3. Nc3 d5 4. d4 dxe4 5. Nxe4 Nd7 6. c5 Ngf6 7. Nc3 Be7 8. Bd3 0-0 9. Nf3 a5 10. a3 b6 11. cxb6 Nxb6 12. Ne5 Bb7 13. 0-0 Qc7 14. Bf4 Bd6 15. Re1 c5 16. Nb5 Qd8 17. Nxd6 Qxd6 18. dxc5 Qxc5 19. Ng4 Nbd7 20. Rc1 Qd5 21. Ne3 Qh5 22. Qxh5 Nxh5 23. Bd6 Rfc8 24. Ng4 Nhf6 25. Nxf6+ Nxf6 26. Be5 Nd7 27. Bc3 Nc5 28. Bc4 Na4 29. Bd4 Nc5 30. Bxc5 Rxc5 31. Rc3 Rac8 32. f3 Kf8 33. b4 axb4 34. axb4 Rxc4 35. Rxc4 Rxc4 36. Rb1 Rc6 37. b5 Rb6 38. Kf2 Bd5 39. Ke3 Bc4 40. Rb4 Bf1 41. g3 Rxb5 42. Rd4 Ke7 43. Kf2 Rb1 44. Re4 Bd3 45. Re3 Rb2+ 46. Kg1 Bc4 47. Rc3 Bd5 48. f4 Rg2+ 49. Kf1 Rxh2 50. g4 h6 51. g5 hxg5 52. fxg5 Rg2 53. Rc7+ Kd6 54. Rxf7 Rxg5 55. Kf2 Rf5+ 0-1

[Event "Bagnara Calabra op-B"]
[Site "Bagnara Calabra"]
[Date "2008.01.04"]
[Round "4"]
[White "Mercurio, Rosario"]
[Black "Barbera, Giuseppe"]
[Result "0-1"]
[WhiteElo "1405"]
[BlackElo "1492"]
[PlyCount "117"]
[EventDate "2008.01.02"]
[EventType "swiss"]
[EventRounds "7"]
[EventCountry "ITA"]
[SourceTitle "EXT 2009"]
[Source "ChessBase"]
[SourceDate "2008.11.26"]
[SourceVersion "1"]
[SourceVersionDate "2008.11.26"]
[SourceQuality "1"]

1. c4 c5 2. Nc3 Nc6 3. Nf3 d6 4. g3 Bf5 5. Bg2 Qd7 6. 0-0 Bh3 7. d4 Bxg2 8. Kxg2 cxd4 9. Nxd4 Nxd4 10. Qxd4 a6 11. Nd5 Qc6 12. f3 e5 13. Qc3 Ne7 14. e4 Nxd5 15. exd5 Qc7 16. Bd2 g6 17. Qa5 b6 18. Qa4+ Qd7 19. Qxd7+ Kxd7 20. Rae1 Bg7 21. b3 Rac8 22. Re2 b5 23. Rc1 f5 24. Ree1 Rhe8 25. Be3 e4 26. fxe4 Rxe4 27. Bd2 Rxe1 28. Rxe1 bxc4 29. bxc4 Rxc4 30. Rc1 Rd4 31. Bc3 Rc4 32. Bd2 Ra4 33. Rc2 Bd4 34. Bg5 Ra5 35. Re2 Rxd5 36. Re7+ Kc6 37. Rxh7 Re5 38. Rh6 Re6 39. Rh4 Bf6 40. Bxf6 Rxf6 41. Ra4 Kb5 42. Ra3 a5 43. Kf3 a4 44. Rd3 Kc4 45. Re3 d5 46. Re7 Rd6 47. Kf4 d4 48. Rc7+ Kb4 49. Rc1 Re6 50. Kg5 d3 51. Rd1 Kc3 52. h4 Kc2 53. Rf1 d2 54. Rf2 Kc1 55. Rxd2 Kxd2 56. h5 gxh5 57. Kxf5 Rb6 58. Kg5 Rb5+ 59. Kh4 0-1

[Event "RC Province-ch"]
[Site "Locri"]
[Date "2007.03.04"]
[Round "5"]
[White "Barbera, Giuseppe"]
[Black "Mercurio, Rosario"]
[Result "0-1"]
[WhiteElo "1534"]
[BlackElo "1378"]
[PlyCount "46"]
[EventDate "2007.03.02"]
[EventType "swiss"]
[EventRounds "5"]
[EventCountry "ITA"]
[SourceTitle "EXT 2010"]
[Source "ChessBase"]
[SourceDate "2010.11.25"]
[SourceVersion "1"]
[SourceVersionDate "2010.11.25"]
[SourceQuality "1"]

1. e4 e6 2. Nf3 d5 3. e5 c5 4. c3 Nc6 5. Bb5 Bd7 6. Bxc6 Bxc6 7. d4 Qb6 8. b3 cxd4 9. cxd4 Ne7 10. 0-0 Nf5 11. Nc3 Be7 12. Ne2 0-0 13. a3 Bb5 14. Re1 Rac8 15. Bg5 Bxg5 16. Nxg5 Bxe2 17. Rxe2 Nxd4 18. Re3 Nf5 19. Rh3 h6 20. Nf3 f6 21. Nh4 Nxh4 22. Rxh4 fxe5 23. Qg4 Qxf2+ 0-1

[Event "Calabria Province-ch"]
[Site "Catanzaro"]
[Date "2006.06.04"]
[Round "5"]
[White "Mercuri, Delia"]
[Black "Mercurio, Rosario"]
[Result "0-1"]
[WhiteElo "1433"]
[BlackElo "1333"]
[PlyCount "104"]
[EventDate "2006.06.02"]
[EventType "swiss"]
[EventRounds "6"]
[EventCountry "ITA"]
[SourceTitle "EXT 2024"]
[Source "ChessBase"]
[SourceDate "2023.10.10"]
[SourceVersion "1"]
[SourceVersionDate "2023.10.10"]
[SourceQuality "1"]

1. e4 e6 2. Nf3 d5 3. exd5 exd5 4. d4 c5 5. c4 Nc6 6. Be3 cxd4 7. Nxd4 Nxd4 8. Bxd4 Bb4+ 9. Bc3 Qe7+ 10. Qe2 Bxc3+ 11. Nxc3 Qxe2+ 12. Bxe2 dxc4 13. Bxc4 Ne7 14. 0-0 0-0 15. Rad1 a6 16. Rfe1 Nf5 17. h3 b5 18. Bd5 Rb8 19. Re5 b4 20. Na4 Kh8 21. Rde1 Bd7 22. Nc5 Bc8 23. Bc6 Nd4 24. Bd5 Rb5 25. Re8 Kg8 26. Bxf7+ Kxf7 27. R1e7+ Kg8 28. Ne4 Nf5 29. Rxf8+ Kxf8 30. Rc7 Rb8 31. g4 Nd4 32. Nd6 Be6 33. Ne4 Kg8 34. Re7 Bxa2 35. Nc5 Bc4 36. Nd7 Rd8 37. Ne5 Ne2+ 38. Kh2 Bb3 39. Kg2 Rf8 40. Nd7 Bd5+ 41. Kf1 Ng3+ 42. Ke1 Ne4 43. Nxf8 Kxf8 44. Ra7 Nc5 45. Kd2 Bb7 46. f4 Kf7 47. b3 Kf6 48. Ke3 g5 49. Kd4 Ne6+ 50. Kc4 Bg2 51. Rxa6 Bf1+ 52. Kxb4 Bxa6 0-1

[Event "Cutro op-B 12th"]
[Site "Cutro"]
[Date "2006.04.29"]
[Round "7"]
[White "Mercurio, Rosario"]
[Black "Piccoli, Vincenzo"]
[Result "0-1"]
[WhiteElo "1333"]
[BlackElo "1667"]
[PlyCount "72"]
[EventDate "2006.04.23"]
[EventType "swiss"]
[EventRounds "9"]
[EventCountry "ITA"]
[SourceTitle "EXT 2007"]
[Source "ChessBase"]
[SourceDate "2006.11.23"]
[SourceVersion "1"]
[SourceVersionDate "2006.11.23"]
[SourceQuality "1"]

1. Nf3 Nf6 2. g3 g6 3. Bg2 Bg7 4. 0-0 0-0 5. d3 d5 6. Nbd2 c5 7. b3 Ne4 8. d4 Nc3 9. Qe1 cxd4 10. Bb2 Nxe2+ 11. Kh1 Nc3 12. Nb1 Nc6 13. a3 Nxb1 14. Rxb1 e5 15. Qd1 Bg4 16. h3 Bxf3 17. Bxf3 e4 18. Be2 Qd7 19. Kh2 a6 20. Re1 f5 21. Bf1 f4 22. Bg2 f3 23. Bh1 Rae8 24. a4 b5 25. axb5 axb5 26. Ra1 Ra8 27. Qd2 e3 28. Qd3 Nb4 29. Qd1 Rxa1 30. Bxa1 Qc6 31. Bxd4 Bxd4 32. Qxd4 Nxc2 33. Qd1 Nxe1 34. Qxe1 e2 35. Bxf3 Rxf3 36. b4 Qc2 0-1

[Event "Cutro op-B 12th"]
[Site "Cutro"]
[Date "2006.04.27"]
[Round "5"]
[White "Mercurio, Rosario"]
[Black "Policastrese, Salvatore"]
[Result "1-0"]
[WhiteElo "1333"]
[BlackElo "1440"]
[PlyCount "113"]
[EventDate "2006.04.23"]
[EventType "swiss"]
[EventRounds "9"]
[EventCountry "ITA"]
[SourceTitle "EXT 2007"]
[Source "ChessBase"]
[SourceDate "2006.11.23"]
[SourceVersion "1"]
[SourceVersionDate "2006.11.23"]
[SourceQuality "1"]

1. Nf3 Nf6 2. g3 d5 3. d3 c5 4. Nbd2 Nc6 5. c4 d4 6. Bg2 Bg4 7. h3 Bd7 8. 0-0 Qc8 9. Kh2 h6 10. Re1 g5 11. h4 Ng4+ 12. Kg1 gxh4 13. Nxh4 Nf6 14. Kh2 e5 15. Ne4 Be7 16. Nxf6+ Bxf6 17. Nf3 h5 18. Bg5 Bxg5 19. Nxg5 Ne7 20. Bh3 Bxh3 21. Nxh3 h4 22. Qa4+ Nc6 23. Rh1 hxg3+ 24. Kxg3 Rg8+ 25. Kh2 f5 26. Rag1 Rh8 27. Kg2 f4 28. Kf1 Qd7 29. Ng5 0-0-0 30. Ne4 Qe7 31. Qb5 Nb4 32. Qa4 Nc6 33. a3 Rxh1 34. Rxh1 Rf8 35. f3 Qg7 36. Qb5 Rg8 37. Nd6+ Kd8 38. Nxb7+ Ke7 39. Qxc5+ Kf7 40. Nd6+ Kf6 41. Qxc6 Qg2+ 42. Ke1 Qxh1+ 43. Kd2 Qh3 44. Ne4+ Ke7 45. Qf6+ Ke8 46. Qxe5+ Kd8 47. Qxd4+ Ke8 48. Qxa7 Rg2 49. Qb8+ Ke7 50. Qxf4 Rg1 51. Qe3 Rb1 52. Nf2+ Qe6 53. Qxe6+ Kxe6 54. Nd1 Ra1 55. c5 Kd5 56. f4 Kxc5 57. e4 1-0

[Event "Cutro op-B 12th"]
[Site "Cutro"]
[Date "2006.04.26"]
[Round "4"]
[White "Soluri, Francesco"]
[Black "Mercurio, Rosario"]
[Result "1/2-1/2"]
[WhiteElo "1473"]
[BlackElo "1333"]
[PlyCount "59"]
[EventDate "2006.04.23"]
[EventType "swiss"]
[EventRounds "9"]
[EventCountry "ITA"]
[SourceTitle "EXT 2007"]
[Source "ChessBase"]
[SourceDate "2006.11.23"]
[SourceVersion "1"]
[SourceVersionDate "2006.11.23"]
[SourceQuality "1"]

1. c4 d5 2. cxd5 Nf6 3. Nc3 Nxd5 4. Nf3 Nc6 5. d3 e6 6. g3 Bb4 7. Bd2 Nxc3 8. bxc3 Ba3 9. Qb3 Be7 10. Bg2 b6 11. 0-0 0-0 12. d4 Rb8 13. e3 a5 14. a4 Ba6 15. Rfe1 Na7 16. Qc2 Bc4 17. Ne5 Bd5 18. e4 Nc6 19. exd5 Nxe5 20. Rxe5 Bd6 21. Rh5 g6 22. Rh3 Re8 23. dxe6 Rxe6 24. d5 Re5 25. Bf4 Re7 26. Bg5 Re1+ 27. Rxe1 Qxg5 28. c4 Bc5 29. Re8+ Rxe8 30. Bf1 1/2-1/2